| 000 -LEADER |
| fixed length control field |
00880nam a22001577a 4500 |
| 003 - CONTROL NUMBER IDENTIFIER |
| control field |
OSt |
| 005 - DATE AND TIME OF LATEST TRANSACTION |
| control field |
20221125151539.0 |
| 008 - FIXED-LENGTH DATA ELEMENTS--GENERAL INFORMATION |
| fixed length control field |
160316b xxu||||| |||| 00| 0 eng d |
| 040 ## - CATALOGING SOURCE |
| Transcribing agency |
RUA |
| 082 ## - DEWEY DECIMAL CLASSIFICATION NUMBER |
| Classification number |
VEM BRA 2012 B543 Or.1 |
| 100 ## - MAIN ENTRY--PERSONAL NAME |
| 9 (RLIN) |
8032 |
| Personal name |
BRAK MOAHENG; ប្រាក់ ម៉ៅហេង |
| 245 ## - TITLE STATEMENT |
| Title |
Effect of antibiotics on diarrhea of suckling piglets in community development of agriculture pig farm at bavet town, svay reang province; ប្រសិទ្ធភាពអង់ទីប៊ីយ៉ូទិចលើជំងឺកូនជ្រូកកំឡុងពេលប៉ៅដោះនៅសហគមន៏អភិវឌ្ឍន៏កសិកម្មចិញ្ចឹមជ្រូកក្រុងបាវិត ខេត្តស្វាយរៀង |
| 260 ## - PUBLICATION, DISTRIBUTION, ETC. (IMPRINT) |
| Place of publication, distribution, etc. |
Phnom Penh |
| Name of publisher, distributor, etc. |
RUA |
| Date of publication, distribution, etc. |
2012 |
| 300 ## - PHYSICAL DESCRIPTION |
| Extent |
ix;38p. |
| Other physical details |
ill. |
| Dimensions |
29cm. |
| 942 ## - ADDED ENTRY ELEMENTS (KOHA) |
| Source of classification or shelving scheme |
|
| Koha item type |
VEM |